000
00324nam a22001457a 4500
003
SGT
020
_a
978-93-83290-48-2
082
_a
615.19
_b
P18S
100
_a
SHAH,SAPAN.K
245
_a
PRACTICAL PHARMACEUTICAL ANALYSIS
260
_a
JALANDHAR
_b
S.VIKASH
_c
2018
300
_a
104
650
_a
PHARMACY
942
_2
ddc
_c
BK
999
_c
17341
_d
17341